Popularne gatunki książek - Statystyki

Ogólne statystyki
  • Ten quiz został rozwiązany 119 razy
  • Średni wynik to 5 z 10
Statystyki odpowiedzi
Odpowiedź % Poprawnych
fantasy
74%
kryminał
74%
romans
74%
horror
69%
thriller
60%
science fiction
49%
reportaż
25%
literatura obyczajowa
15%
sensacja
10%
literatura młodzieżowa
8%
Nie znaleziono quizów pasujących do podanych kryteriów
Rozkład punktacji
Procent ludzi z każdym wynikiem
Percentyl według liczby udzielonych odpowiedzi
Twoja historia wyników
Nie rozwiązałeś tego quizu